00546nam a22001577a 4500003001100000005001700011008004100028040003900069041000800108245011700116260003700233490001700270942000700287952007900294999001500373LK-CoMWRAF20240131214925.0240131b |||||||| |||| 00| 0 eng d aLK-CoMWRAFdLK-CoMWRAFeLK-CoMWRAF aeng aRegister of lands of Muslims forcibly displaced by the LTTE in October 1990 from the Northern Province Sri Lanka bFoundation for existence, c2004 vVolume : III cBK 00104070aMAINbMAINd2024-01-31l0pRAF4982r2024-01-31w2024-01-31yBK c4704d4704